00483 2200181 4500245006800000020002200068250001100090100002000101700002000121700002500141650001700166005001900183260004000202041001400242084001100256300002500267336000900292 aJasa Desain b : Seri Wirausahawan MudacHedi HadiansyahhText a978-602-8823-59-3 aCet. 1 aHedi Hadiansyah aSam Syamsurizal aSuro Udioko Prapanca aWirausahawan a20230411131012 aJakartabBinamuda Ciptakreasic2013 aIndonesia a338.04 avi, 67 hlm. :cilus. atext